000 00493nam a22001817a 4500
001 TVUNI
005 20260126014645.0
008 221102s2007 vm vie d
020 _c30000
040 _aTVUNI
_eAACR2
041 0 _avie
100 1 _aNguyễn, Thị Đông
245 1 0 _aGiáo trình lý thuyết hạch toán kế toán /
_cNguyễn Thị Đông
260 _aHà Nội :
_bTài Chính,
_c2007
300 _a224 tr. ;
_c24 cm.
942 _2ddc
_cBK
999 _c2472
_d2472
912 _a1
_bHiển Phạm